Vplyv jednotlivých nástrojov marketingovej komunikácie na správanie spotrebiteľov bakalárska práca

Salvato in:
Dettagli Bibliografici
Autore principale: Klobučník, Roman
Ente Autore: Obchodná fakulta EU. Katedra marketingu
Altri autori: Korčoková, Marína, 1970-
Natura: Libro
Lingua:slovacco
Pubblicazione: Bratislava 2021
Tags: Aggiungi Tag
Nessun Tag, puoi essere il primo ad aggiungerne!!

MARC

LEADER 00000nbm a2200000 4500
001 0275941
005 20220127121811.5
041 0 |a slo 
044 |a SK 
245 1 0 |a Vplyv jednotlivých nástrojov marketingovej komunikácie na správanie spotrebiteľov  |b bakalárska práca  |c Roman Klobučník ; školiteľ: Marína Korčoková 
264 1 |a Bratislava  |c 2021 
300 |a 52 s. 
100 1 |a Klobučník, Roman 
700 1 |a Korčoková, Marína, 1970- 
710 2 |a Obchodná fakulta EU. Katedra marketingu